000
00287nam a2200121Ia 4500
008
240624s9999 xx 000 0 und d
041
_a
eng
082
_a
338.477948 SLO
100
_a
SLOAN DANIEL
245
_a
PLAYING TO WIN NINTENDO AND THE VIDEO GA
260
_c
2010
365
_c
_b
25
999
_c
17374
_d
17374